000 00278nam a22001337a 4500
008 170627b xxu||||| |||| 00| 0 eng d
020 _a0631134581
041 _aeng
080 _a82
100 _a21
101 _aGJL
245 _aLITERARY MEANING
_cRAY, W
942 _2udc
_cBK
999 _c19253
_d19253